[Event "Longtou Cup 2nd"]
[White "Kirienko, Vladimir"]
[Black "Otgonjargal, Sengeravdan"]
[Site "Qinhuangdao"]
[Round "7"]
[Result "0-1"]
[Date "2019.04.23"]
[WhiteElo "2100"]
[BlackElo "2162"]
[PlyCount "92"]
[EventDate "2019.04.16"]
[EventType "swiss"]
[EventRounds "9"]
[EventCountry "CHN"]
[SourceTitle "CBM 190 Extra"]
[Source "ChessBase"]
[SourceDate "2019.07.15"]
[SourceVersion "1"]
[SourceVersionDate "2019.07.15"]
[SourceQuality "1"]

1. d4 d6 2. c4 Nd7 3. Nc3 e5 4. Nf3 c6 5. g3 Be7 6. Bg2 Ngf6 7. e4 Qc7 8. 0-0 Nf8 9. d5 Ng6 10. dxc6 bxc6 11. Bg5 h6 12. Bxf6 Bxf6 13. b4 Be6 14. Qd3 0-0 15. Rfc1 Rfd8 16. h4 a6 17. a4 Ne7 18. b5 cxb5 19. cxb5 Qa5 20. Nd2 Rac8 21. Rab1 Rc5 22. Nd5 Rxc1+ 23. Rxc1 axb5 24. axb5 Nxd5 25. exd5 Bd7 26. Rb1 Rb8 27. Nc4 Qc7 28. b6 Qc5 29. Bf1 Bd8 30. b7 Bb5 31. Qe3 Qxd5 32. Rxb5 Qxb5 33. Nxd6 Qd7 34. Qc5 Bc7 35. Ne4 Rxb7 36. Bg2 Rb8 37. Kh2 f5 38. Bh3 Rf8 39. Nc3 Qd6 40. Qc4+ Kh8 41. Nb5 Qb6 42. Nxc7 Qxf2+ 43. Bg2 f4 44. Ne6 Qxg3+ 45. Kg1 f3 46. Qc2 Ra8 0-1

[Event "Longtou Cup 2nd"]
[White "Otgonjargal, Sengeravdan"]
[Black "Fang, Yuxiang"]
[Site "Qinhuangdao"]
[Round "5"]
[Result "0-1"]
[Date "2019.04.20"]
[WhiteElo "2162"]
[BlackElo "2472"]
[PlyCount "70"]
[EventDate "2019.04.16"]
[EventType "swiss"]
[EventRounds "9"]
[EventCountry "CHN"]
[SourceTitle "CBM 190 Extra"]
[Source "ChessBase"]
[SourceDate "2019.07.15"]
[SourceVersion "1"]
[SourceVersionDate "2019.07.15"]
[SourceQuality "1"]

1. e4 c6 2. d4 d5 3. exd5 cxd5 4. Bd3 Nc6 5. c3 Qc7 6. h3 Nf6 7. Nf3 g6 8. Qc2 Bg7 9. 0-0 0-0 10. Re1 Nh5 11. Be3 Nf4 12. Bf1 Bf5 13. Qd2 Ne6 14. Na3 Be4 15. Nh2 g5 16. Bxg5 Nxg5 17. Qxg5 Rad8 18. Rad1 f6 19. Qh4 e5 20. Ng4 Kh8 21. Ne3 Qb6 22. Nac4 Qc7 23. Na3 exd4 24. Nb5 Qb6 25. cxd4 f5 26. f3 Bxf3 27. gxf3 a6 28. Nc2 axb5 29. Kh1 Rd6 30. Re2 Rg6 31. Rg2 Rxg2 32. Bxg2 Qa5 33. Ne3 Qxa2 34. Bf1 Qxb2 35. Nxd5 Qb3 0-1

[Event "Longtou Cup 2nd"]
[White "Otgonjargal, Sengeravdan"]
[Black "Chu, Wei Chao"]
[Site "Qinhuangdao"]
[Round "3"]
[Result "0-1"]
[Date "2019.04.18"]
[WhiteElo "2162"]
[BlackElo "2387"]
[PlyCount "86"]
[EventDate "2019.04.16"]
[EventType "swiss"]
[EventRounds "9"]
[EventCountry "CHN"]
[SourceTitle "CBM 190 Extra"]
[Source "ChessBase"]
[SourceDate "2019.07.15"]
[SourceVersion "1"]
[SourceVersionDate "2019.07.15"]
[SourceQuality "1"]

1. e4 c5 2. Nf3 d6 3. Bb5+ Nd7 4. c3 Ngf6 5. Qe2 a6 6. Ba4 e5 7. 0-0 Be7 8. d4 b5 9. Bc2 0-0 10. Nbd2 Qc7 11. dxe5 dxe5 12. Re1 c4 13. Nf1 Bb7 14. Ng3 Nc5 15. b4 Nd3 16. Bxd3 cxd3 17. Qd2 Rfd8 18. Bb2 Ne8 19. Qe3 Nd6 20. Qxd3 Nxe4 21. Qe3 Nxg3 22. hxg3 f6 23. g4 Qc4 24. g5 Rd3 25. Qe2 Bxf3 26. gxf3 Rad8 27. gxf6 Bxf6 28. Qe4 Qf7 29. Kg2 R3d6 30. Rh1 h6 31. Bc1 Rd3 32. Bb2 Bg5 33. c4 bxc4 34. Bxe5 Bf6 35. Bxf6 Qxf6 36. Rac1 R8d4 37. Qe8+ Kh7 38. Rh3 Rd2 39. a4 Rg4+ 40. Kh1 Rh4 41. Kg2 Qg5+ 42. Rg3 Rxf2+ 43. Kxf2 Rh2+ 0-1

[Event "Longtou Cup 2nd"]
[White "Otgonjargal, Sengeravdan"]
[Black "Xu, Yinglun"]
[Site "Qinhuangdao"]
[Round "1"]
[Result "0-1"]
[Date "2019.04.16"]
[WhiteElo "2162"]
[BlackElo "2532"]
[PlyCount "90"]
[EventDate "2019.04.16"]
[EventType "swiss"]
[EventRounds "9"]
[EventCountry "CHN"]
[SourceTitle "CBM 190 Extra"]
[Source "ChessBase"]
[SourceDate "2019.07.15"]
[SourceVersion "1"]
[SourceVersionDate "2019.07.15"]
[SourceQuality "1"]

1. e4 c5 2. Nf3 e6 3. Nc3 a6 4. d4 cxd4 5. Nxd4 d6 6. Bd3 Nf6 7. 0-0 Nbd7 8. Kh1 Qc7 9. f4 Be7 10. Qf3 b5 11. a3 Bb7 12. Bd2 0-0 13. Qh3 Nc5 14. Rae1 Rfd8 15. Nf3 e5 16. Nh4 d5 17. exd5 e4 18. Nf5 Bf8 19. Nxe4 Nfxe4 20. Rxe4 Nxe4 21. Bxe4 g6 22. Bc3 Bxd5 23. Qh4 Bxe4 24. Qf6 Qxc3 25. Ne7+ Bxe7 26. Qxc3 Bf8 27. Re1 Rac8 28. Qa5 Bb7 29. h4 Rd6 30. Re2 Rdc6 31. c3 Bd6 32. a4 Bc7 33. Qb4 Rc4 34. Qe7 Rxf4 35. Kg1 Bc6 36. Qc5 Rxh4 37. Kf2 Rf4+ 38. Kg1 Rf6 39. Qe7 Rf5 40. Rd2 Re5 41. Qf6 Re6 42. Qh4 Rce8 43. Kf2 Bb6+ 44. Kg3 Re3+ 45. Kh2 Bc7+ 0-1

[Event "Eastern Asia-ch zt 3.3 (Women)"]
[White "Otgonjargal, Sengeravdan"]
[Black "Nomindalai, Tumurbaatar"]
[Site "Ulaanbaatar"]
[Round "6"]
[Result "0-1"]
[Date "2019.04.12"]
[WhiteElo "2162"]
[BlackElo "1958"]
[PlyCount "52"]
[EventDate "2019.04.07"]
[EventType "swiss"]
[EventRounds "9"]
[EventCountry "MGL"]
[SourceTitle "CBM 189 Extra"]
[Source "ChessBase"]
[SourceDate "2019.05.31"]
[SourceVersion "1"]
[SourceVersionDate "2019.05.31"]
[SourceQuality "1"]

1. e4 d6 2. d4 Nf6 3. Nc3 e5 4. Nf3 Nbd7 5. Bc4 Be7 6. 0-0 0-0 7. a4 c6 8. Re1 a5 9. Bb3 exd4 10. Nxd4 Nc5 11. Bc4 Be6 12. Nxe6 Nxe6 13. Be3 Nd7 14. Qh5 Bf6 15. Rad1 Be5 16. Rd3 Bf4 17. Bxe6 fxe6 18. Qg4 Ne5 19. Qxe6+ Kh8 20. Rd2 Qh4 21. Bxf4 Qxf4 22. Ree2 Rf6 23. Qb3 Rh6 24. h3 Rxh3 25. gxh3 Nf3+ 26. Kg2 Qg5+ 0-1

[Event "Ulaanbaatar (Women)"]
[White "Kovanova, Baira"]
[Black "Otgonjargal, Sengeravdan"]
[Site "Ulaanbaatar"]
[Round "1"]
[Result "1-0"]
[Date "2016.03.14"]
[WhiteElo "2381"]
[BlackElo "2160"]
[PlyCount "28"]
[EventDate "2016.03.14"]
[EventType "tourn"]
[EventRounds "7"]
[EventCountry "MGL"]
[SourceTitle "EXT 2017"]
[Source "ChessBase"]
[SourceDate "2016.10.25"]
[SourceVersion "1"]
[SourceVersionDate "2016.10.25"]
[SourceQuality "1"]

1. d4 d5 2. c4 e6 3. Nc3 f5 4. cxd5 exd5 5. Bf4 c6 6. e3 Nf6 7. Bd3 Be7 8. Qc2 Ne4 9. Nge2 0-0 10. 0-0 Be6 11. f3 Nd6 12. Kh1 Bg5 13. e4 Na6 14. Qb3 Nc7 1-0

[Event "Asian Continental op (Women) 14th"]
[White "Pham, Le Thao Nguyen"]
[Black "Otgonjargal, Sengeravdan"]
[Site "Al Ain"]
[Round "4"]
[Result "1-0"]
[Date "2015.08.05"]
[WhiteElo "2332"]
[BlackElo "2213"]
[PlyCount "112"]
[EventDate "2015.08.02"]
[EventType "swiss"]
[EventRounds "9"]
[EventCountry "UAE"]
[SourceTitle "CBM 167 Extra"]
[Source "ChessBase"]
[SourceDate "2015.09.14"]
[SourceVersion "1"]
[SourceVersionDate "2015.09.14"]
[SourceQuality "1"]

1. e4 e5 2. Nf3 Nc6 3. Bc4 Be7 4. 0-0 d6 5. Re1 Nf6 6. h3 0-0 7. d4 Re8 8. Nc3 h6 9. Bb5 Bd7 10. d5 Nb8 11. Bd3 c6 12. Nd2 Bc8 13. a4 Nbd7 14. Nc4 Nf8 15. Bf1 cxd5 16. Nxd5 Nxd5 17. Qxd5 Ng6 18. Ne3 Qc7 19. Qd1 Nf4 20. a5 Qc6 21. c4 Be6 22. Nd5 Bxd5 23. cxd5 Qd7 24. Be3 a6 25. b4 Rec8 26. Qb3 Bd8 27. Reb1 f5 28. Bxf4 exf4 29. Qd3 Bf6 30. Ra3 Rc7 31. exf5 Be5 32. Qe4 Rf8 33. Bd3 Qc8 34. Qe1 Rc3 35. Rab3 Qc7 36. Rxc3 Qxc3 37. Qe4 Qd2 38. b5 Rc8 39. bxa6 Rc1+ 40. Rxc1 Qxc1+ 41. Kh2 bxa6 42. f6 gxf6 43. Qh7+ Kf8 44. Bg6 f3+ 45. g3 Bxg3+ 46. Kxg3 Qg5+ 47. Kxf3 Qxd5+ 48. Be4 Qh5+ 49. Kg2 Qg5+ 50. Kf1 Qxa5 51. Qxh6+ Kf7 52. Qg6+ Ke7 53. Qf5 Qa1+ 54. Kg2 a5 55. Bc6 Qa3 56. Qd7+ Kf8 1-0

[Event "Asian Continental op (Women) 14th"]
[White "Otgonjargal, Sengeravdan"]
[Black "Lei, Tingjie"]
[Site "Al Ain"]
[Round "1"]
[Result "1-0"]
[Date "2015.08.02"]
[WhiteElo "2213"]
[BlackElo "2436"]
[PlyCount "51"]
[EventDate "2015.08.02"]
[EventType "swiss"]
[EventRounds "9"]
[EventCountry "UAE"]
[SourceTitle "CBM 167 Extra"]
[Source "ChessBase"]
[SourceDate "2015.09.14"]
[SourceVersion "1"]
[SourceVersionDate "2015.09.14"]
[SourceQuality "1"]

1. e4 c5 2. Nf3 e6 3. d4 cxd4 4. Nxd4 Nc6 5. Be3 Nf6 6. Bd3 d5 7. Nxc6 bxc6 8. e5 Nd7 9. f4 Bc5 10. Bxc5 Nxc5 11. Nc3 Qb6 12. Rb1 0-0 13. Qe2 Rb8 14. g4 Nxd3+ 15. cxd3 Ba6 16. Rf1 Qd4 17. Rf3 f6 18. exf6 Rxf6 19. Kd2 Rxf4 20. Qxe6+ Kh8 21. Qd6 Qf2+ 22. Rxf2 Rxf2+ 23. Ne2 Rbf8 24. Qxc6 Bc8 25. h3 h6 26. Rc1 1-0

[Event "Sydney op"]
[White "Otgonjargal, Sengeravdan"]
[Black "Roy Chowdhury, Saptarshi"]
[Site "Sydney"]
[Round "3"]
[Result "0-1"]
[Date "2014.04.24"]
[WhiteElo "2196"]
[BlackElo "2491"]
[PlyCount "79"]
[EventDate "2014.04.23"]
[EventType "swiss"]
[EventRounds "9"]
[EventCountry "AUS"]
[SourceTitle "CBM 160 Extra"]
[Source "ChessBase"]
[SourceDate "2014.07.01"]
[SourceVersion "1"]
[SourceVersionDate "2014.07.01"]
[SourceQuality "1"]

1. e4 c5 2. Nf3 Nc6 3. Bb5 e6 4. 0-0 Nge7 5. Re1 a6 6. Bf1 Ng6 7. d4 cxd4 8. Nxd4 Qc7 9. c4 Bd6 10. h3 0-0 11. Be3 Nxd4 12. Bxd4 b6 13. Nc3 Bb7 14. Na4 Bc5 15. Nxc5 bxc5 16. Bc3 e5 17. Qg4 Nf4 18. Rad1 Ne6 19. Rd3 d6 20. Rg3 g6 21. h4 Qe7 22. Bd2 Bc8 23. Bh6 Re8 24. h5 Rb8 25. Bc1 Kh8 26. Qd1 Bd7 27. Be2 Nd4 28. hxg6 fxg6 29. Bg4 Rf8 30. Bxd7 Qxd7 31. f3 a5 32. Kf2 a4 33. Rh1 Kg8 34. Rgh3 Rf7 35. Qd2 Rb4 36. Rg3 Rxc4 37. Qh6 Rc2+ 38. Kg1 Rxc1+ 39. Kf2 Rf8 40. Rgh3 0-1

[Event "Doeberl Cup 52nd"]
[White "Izzat, Kanan Azar"]
[Black "Otgonjargal, Sengeravdan"]
[Site "Canberra"]
[Round "2"]
[Result "1-0"]
[Date "2014.04.17"]
[WhiteElo "2383"]
[BlackElo "2196"]
[PlyCount "117"]
[EventDate "2014.04.17"]
[EventType "swiss"]
[EventRounds "9"]
[EventCountry "AUS"]
[SourceTitle "CBM 159 Extra"]
[Source "ChessBase"]
[SourceDate "2014.04.24"]
[SourceVersion "1"]
[SourceVersionDate "2014.04.24"]
[SourceQuality "1"]

1. Nf3 d5 2. g3 c6 3. Bg2 e6 4. 0-0 Bd6 5. c4 Nf6 6. d4 Ne4 7. Bf4 Bxf4 8. gxf4 Nd6 9. Nbd2 h6 10. Qc2 Qf6 11. e3 Nd7 12. Ne5 Nf5 13. Ndf3 Nh4 14. Nxh4 Qxh4 15. Rac1 0-0 16. b4 a6 17. a4 dxc4 18. Nxc4 Nf6 19. Nb6 Rb8 20. Qc5 Rd8 21. b5 Nd5 22. bxc6 bxc6 23. Rb1 Nf6 24. Qe7 Re8 25. Qd6 Bb7 26. Qc7 Ba8 27. h3 Nd5 28. Nxd5 Rbc8 29. Ne7+ Qxe7 30. Qxe7 Rxe7 31. Rfc1 Rb7 32. Rxb7 Bxb7 33. Rb1 Rc7 34. a5 Kf8 35. Rb6 Ke7 36. Bf1 Kd6 37. h4 f6 38. Kh2 Kd5 39. Kg3 e5 40. dxe5 fxe5 41. Bg2+ Kd6 42. fxe5+ Kxe5 43. f4+ Kd6 44. e4 Kc5 45. e5 Bc8 46. Bf3 Bf5 47. Rxa6 Kb5 48. Be2+ Kb4 49. Ra8 c5 50. a6 Be4 51. Rb8+ Ka5 52. Bc4 Bc6 53. f5 Re7 54. e6 Be8 55. a7 Bc6 56. a8Q+ Bxa8 57. Rxa8+ Kb4 58. Bd5 c4 59. Rc8 1-0

[Event "Sydney op-A"]
[White "Otgonjargal, Sengeravdan"]
[Black "Lane, Gary William"]
[Site "Parramatta"]
[Round "4"]
[Result "0-1"]
[Date "2013.04.04"]
[WhiteElo "2171"]
[BlackElo "2412"]
[PlyCount "74"]
[EventDate "2013.04.03"]
[EventType "swiss"]
[EventRounds "9"]
[EventCountry "AUS"]
[SourceTitle "EXT 2023"]
[Source "ChessBase"]
[SourceDate "2022.10.05"]
[SourceVersion "1"]
[SourceVersionDate "2022.10.05"]
[SourceQuality "1"]

1. e4 e5 2. Nf3 Nc6 3. Bc4 Bc5 4. 0-0 Nf6 5. d3 d6 6. c3 0-0 7. Re1 Bb6 8. Bg5 h6 9. Bh4 g5 10. Nxg5 hxg5 11. Bxg5 Kg7 12. Qf3 Rh8 13. Nd2 Kg6 14. h4 Bg4 15. Bxf6 Qd7 16. Qg3 Kxf6 17. d4 Rag8 18. Bb5 Bh3 19. Qf3+ Ke7 20. g3 Nxd4 21. cxd4 Qxb5 22. Rac1 Rxh4 23. Nc4 Bg4 24. Qa3 Rh5 25. Nxe5 Qxe5 26. dxe5 Rgh8 27. Rxc7+ Bxc7 28. f3 Rh1+ 29. Kf2 R8h2+ 30. Ke3 Rxe1+ 31. Kf4 Be6 32. Qc3 Bb8 33. Qxe1 dxe5+ 34. Kg5 Bd6 35. Qc3 Kf8 36. Kf6 Rh6+ 37. Kg5 Kg7 0-1

[Event "Olympiad Women-40"]
[White "Otgonjargal, Sengeravdan"]
[Black "Davletbayeva, Madina"]
[Site "Istanbul"]
[Round "7.4"]
[Result "0-1"]
[Date "2012.09.04"]
[WhiteElo "2146"]
[BlackElo "2165"]
[PlyCount "172"]
[EventDate "2012.08.28"]
[EventType "team-swiss"]
[EventRounds "11"]
[EventCountry "TUR"]
[SourceTitle "CBM 150 Extra"]
[Source "ChessBase"]
[SourceDate "2012.10.19"]
[SourceVersion "1"]
[SourceVersionDate "2012.10.19"]
[SourceQuality "1"]
[WhiteTeam "Mongolia (W)"]
[BlackTeam "Kazakhstan (W)"]
[WhiteTeamCountry "MGL"]
[BlackTeamCountry "KAZ"]

1. e4 e5 2. Bc4 Nf6 3. d3 c6 4. Nf3 d5 5. Bb3 Bd6 6. 0-0 0-0 7. Bg5 dxe4 8. dxe4 h6 9. Bh4 Qe7 10. Qe2 Na6 11. c3 Nc5 12. Bc2 Ne6 13. Rd1 Nf4 14. Qe1 Qe6 15. Nbd2 N6h5 16. Bg3 Bc5 17. Qf1 b5 18. Nb3 Bb6 19. Rd2 a5 20. Rad1 a4 21. Nc1 Bc7 22. a3 Qf6 23. Nd3 Bg4 24. Nde1 Rad8 25. c4 Rxd2 26. Rxd2 Ba5 27. Rd1 Rb8 28. c5 Rd8 29. Rxd8+ Bxd8 30. Bd1 Qe7 31. Nd3 Nxg3 32. hxg3 Nxd3 33. Qxd3 Bc7 34. Qc2 Bb8 35. Qc3 Ba7 36. b4 axb3 37. Bxb3 Bxf3 38. Qxf3 Bxc5 39. a4 Bd4 40. axb5 cxb5 41. Qf5 Qc7 42. Kh2 Bc5 43. g4 Ba3 44. g3 Bc1 45. Kg2 Bg5 46. Qf3 Qd7 47. Bd5 g6 48. Bb3 Kg7 49. Bd5 Bf6 50. Qb3 Bd8 51. Qf3 Bb6 52. Bb3 Qe7 53. Bd5 Bd4 54. Bb3 Qf6 55. Qe2 Kf8 56. Qc2 Qd6 57. Qe2 Qf6 58. Qc2 Kg7 59. Qe2 Qc6 60. Qf3 Qf6 61. Qe2 b4 62. Bd5 Qe7 63. Qf3 Qc7 64. Bb3 f6 65. Bd5 Qc3 66. Qe2 Qb2 67. Qxb2 Bxb2 68. f4 Kf8 69. f5 g5 70. Kf2 Ke7 71. Ke3 Kd6 72. Kd3 Kc5 73. Bg8 Bc3 74. Bf7 Be1 75. Bg8 Bxg3 76. Bf7 Bf4 77. Bb3 h5 78. gxh5 g4 79. Bd1 g3 80. Bf3 Kb5 81. Bg2 Ka4 82. Kc2 Ka3 83. Bf1 Bg5 84. Bg2 Ka2 85. Kd1 b3 86. Bf1 b2 0-1

[Event "MGL-ch (Women) 44th"]
[White "Otgonjargal, Sengeravdan"]
[Black "Enkhtuul, Altanulzii"]
[Site "Arvaikheer"]
[Round "13"]
[Result "1-0"]
[Date "2012.04.10"]
[WhiteElo "2128"]
[BlackElo "2176"]
[PlyCount "74"]
[EventDate "2012.04.01"]
[EventType "tourn"]
[EventRounds "13"]
[EventCountry "MGL"]
[SourceTitle "EXT 2013"]
[Source "ChessBase"]
[SourceDate "2012.11.22"]
[SourceVersion "1"]
[SourceVersionDate "2012.11.22"]
[SourceQuality "1"]

1. e4 e5 2. Bc4 Nf6 3. Nc3 Nc6 4. f4 exf4 5. Nf3 Nxe4 6. Qe2 Be7 7. Qxe4 0-0 8. 0-0 d6 9. Qxf4 Be6 10. Nd5 Bxd5 11. Bxd5 Bf6 12. d4 Rb8 13. Bd2 Ne7 14. Be4 Ng6 15. Bxg6 hxg6 16. Qg4 Qc8 17. Qxc8 Rbxc8 18. c3 d5 19. Bf4 c6 20. Rae1 Rfe8 21. Rxe8+ Rxe8 22. Re1 Rxe1+ 23. Nxe1 g5 24. Bb8 a6 25. Nd3 b6 26. Bc7 b5 27. Bb6 Be7 28. Ne5 f6 29. Nxc6 Bd6 30. Bc5 Bc7 31. Ne7+ Kf7 32. Nxd5 Bb8 33. Nb4 a5 34. Nc6 Bc7 35. d5 b4 36. cxb4 axb4 37. d6 Ke6 1-0

[Event "MGL-ch (Women) 44th"]
[White "Lkhamsuren, Uuganbayar"]
[Black "Otgonjargal, Sengeravdan"]
[Site "Arvaikheer"]
[Round "7"]
[Result "0-1"]
[Date "2012.04.05"]
[WhiteElo "2167"]
[BlackElo "2128"]
[PlyCount "81"]
[EventDate "2012.04.01"]
[EventType "tourn"]
[EventRounds "13"]
[EventCountry "MGL"]
[SourceTitle "EXT 2013"]
[Source "ChessBase"]
[SourceDate "2012.11.22"]
[SourceVersion "1"]
[SourceVersionDate "2012.11.22"]
[SourceQuality "1"]

1. e4 g6 2. d4 Bg7 3. Nc3 d6 4. Be3 Nd7 5. Qd2 c6 6. Nf3 a6 7. Bd3 c5 8. a4 b6 9. 0-0 Bb7 10. Rfe1 e6 11. d5 e5 12. h3 h5 13. Ng5 Qe7 14. Rf1 Nf8 15. f4 f6 16. fxe5 fxg5 17. exd6 Qxd6 18. Bxg5 Be5 19. Kh1 Nd7 20. Ne2 Ngf6 21. Nf4 Bxf4 22. Rxf4 0-0-0 23. Qc3 Nxd5 24. exd5 Qxd5 25. Be4 Qxg5 26. Bxb7+ Kxb7 27. Qf3+ Kc7 28. a5 b5 29. h4 Qe7 30. Re4 Qf6 31. Rf4 Qc6 32. Qg3 Qd6 33. Qg5 Rhf8 34. Re4 Rf5 35. Qe7 Qxe7 36. Rxe7 Rf4 37. g3 Rf2 38. Re6 Rxc2 39. Rxa6 Ne5 40. Re1 Rdd2 41. Kg1 0-1